Statistics for What type of racecar is this

Click here to take the quiz!

General Stats

  • This quiz has been taken 6 times
  • The average score is 10 of 16

Answer Stats

Answer% Correct
Formula 1
100%
NASCAR
100%
Formula 2
83%
Formula 3
83%
MOTO GP
83%
Rally
83%
Indycar
67%
Kart
67%
GT3
50%
GTE
50%
GT4
33%
Hypercar
33%
LMP2
33%
LMP 3
33%
TCR
33%
Dirt Latemodel
17%

Score Distribution

Percentile by Number Answered

Percent of People with Each Score

Your Score History

You have not taken this quiz